|
|
|
|
| LEADER |
00000nam a2200000 a 4500 |
| 001 |
vtls001078124 |
| 003 |
SK-MaSNL |
| 005 |
20260301153209.0 |
| 008 |
250414s1995 xo slo |
| 015 |
|
|
|a SNBA1995/03
|
| 020 |
|
|
|a 8071002097
|
| 035 |
|
|
|a SNK000020959
|
| 035 |
|
|
|a urn:nbn:sk:snk-amliku
|
| 035 |
|
|
|a urn:nbn:sk:snk-am00bp0n
|
| 035 |
|
|
|a 26D87A7C-D133-4797-8F33-425903BFA0D3
|
| 040 |
|
|
|a SNK
|b slo
|c SNK
|e AACR2
|
| 041 |
0 |
|
|a slo
|
| 044 |
|
|
|a xo
|c SK
|
| 080 |
|
|
|a 656.7:629.7.06(075.8)
|2 1981
|
| 080 |
|
|
|a 629.7.06
|2 1981
|
| 100 |
1 |
|
|a Kevický, Dušan,
|d 1934-
|4 aut
|9 37529
|
| 245 |
1 |
0 |
|a Koncepcia leteckých zabezpečovacích systémov
|c Dušan Kevický, Ludvík Kulčák, Libor Palička
|
| 250 |
|
|
|a 1. vyd.
|
| 260 |
|
|
|a Žilina
|b Vysoká škola dopravy a spojov
|c 1995
|e Žilina
|f Edičné stredisko VŠDS
|
| 300 |
|
|
|a 167 s., 11,05 AH, 11,44 VH
|b Grafy, sch., tab., zoz. skr., lit. 21 zázn. v angl., češ., franc. a slov.
|c 29 cm
|
| 366 |
|
|
|e 150 výt.
|
| 500 |
|
|
|a Ilustr. na tit. liste
|
| 655 |
|
7 |
|a učebnice vysokých škôl
|2 SNKPH
|9 70191
|
| 700 |
1 |
|
|a Kulčák, Ludvík,
|d 1945-2010
|4 aut
|9 215675
|
| 700 |
1 |
|
|a Palička, Libor
|4 aut
|9 7966
|
| 852 |
|
|
|a Slovenská národná knižnica
|
| 919 |
|
|
|a 80-7100-209-7
|
| 954 |
|
|
|a doprava letecká
|a systémy zabezpečovacie
|
| 958 |
|
|
|a OND
|
| 958 |
0 |
7 |
|a RM
|
| 958 |
0 |
7 |
|a NB
|
| 958 |
0 |
7 |
|a UV
|
| 999 |
|
|
|c 791939
|d 793869
|
| 952 |
|
|
|t P60, <04>, [BOOK], {604}
|a SNK
|b SNK
|y VYP
|7 0
|p 17A0077450
|o snkSB 53675 D1
|0 0
|1 0
|4 0
|d 1997-07-07
|l 0
|r 2004-12-31 00:00:00
|w 2026-02-24
|
| 952 |
|
|
|a SNK
|b SNK
|y PREZ
|7 0
|p 17A0906224
|o snkSB 53675
|0 0
|1 0
|4 0
|d 2012-07-17
|f 1
|l 0
|r 2025-03-21 00:00:00
|w 2026-02-24
|